| 000 | 016600000a22003130004500 | ||
|---|---|---|---|
| 003 | EG-GiCUC | ||
| 008 | 090516s2003 le g 100 0 ara d | ||
| 040 |
_aEG-GiCUC _bara _cEG-GiCUC |
||
| 043 | _add----- | ||
| 092 | 0 | 4 |
_a382.091724 _bD987 2003 _221 |
| 099 |
_a04 _a382.091724 D987 2003 |
||
| 245 | 0 | 2 |
_aالدول الاقل نموا فى النظام التجارى الدولى متعدد الاطراف/ _cاشرف شمس الدين |
| 260 |
_aبيروت:لبنان: _bاسكوا: _c2003 |
||
| 300 |
_a23ص؛ _c24سم |
||
| 440 | 0 |
_aاوراق موجزة؛ _v5 |
|
| 500 | _aالاعداد للمؤتمر الوزارى الخامس لمنظمة التجارة العالمية(كانكون-المكسيك:10-14 ايلول/سبتمبر 2003 | ||
| 610 | 1 | 7 |
_aمنظمة التجارة العالمية _vمؤتمرات _2qrmak |
| 650 | 7 |
_aالاتفاقيات التجارية _zالدول النامية _vمؤتمرات _2qrmak |
|
| 651 | 7 |
_aالدول النامية _xالتجارة الخارجية _vمؤتمرات _2qrmak |
|
| 700 | 1 | _aشمس الدين : اشرف | |
| 710 | 2 |
_aالامم المتحدة . _bاللجنة الاقتصادية و الاجتماعية لغربى آسيا |
|
| 710 | 2 | _aالبنك الدولى | |
| 710 | 2 | _aمنظمة التجارة العالمية | |
| 711 | 2 |
_aالمؤتمر الوزارى لمنظمة التجارة العالمية _n(الخامس: _d2003: _cكانكون:المكسيك) |
|
| 902 | _a1 | ||
| 905 |
_aجمال _eمدخل |
||
| 942 |
_2ddc _cBK |
||
| 999 |
_c112397 _d112397 |
||